Vendre ou acheter en ligne. Jeu d'enfant ou parcours du combattant? /

Detalles Bibliográficos
Autor principal: Winkin, Laurent
Formato: eBook
Lenguaje:francés
Publicado: [Bľgica] : Edipro, 2009.
Materias:
Acceso en línea:Acceso restringido

MARC

LEADER 00000nam a22000007a 4500
005 20110919121038.0
008 110919s2009 be ||||s|||| 00| 0 fre d
020 |a 978-2-87496-015-4  
035 |a 4815 
040 |a vLex 
090 |c 2500  |d 2500 
100 1 |a Winkin, Laurent 
245 1 0 |a Vendre ou acheter en ligne.  |h [Recurso electrn̤ico] :  |b  Jeu d'enfant ou parcours du combattant? /  |c Laurent Winkin 
256 |a Servicio en ln̕ea. 
260 |a [Bľgica] :  |b Edipro,  |c 2009. 
300 |a 1 recurso electrn̤ico 
506 1 |a Contenido solo disponible en los productos indicados  |d vLex Global  |d vLex Global (Academic Edition, excluding Law Schools)  |d vLex Global (U.S. Academic Edition, Law Schools)  |d vLex Global (U.S. Academic Edition, excluding Law Schools)  |d vLex Global (Academic Edition, Law Schools) 
650 0 4 |a Comercio electrn̤ico  |z Bľgica 
740 0 |a vLex Libros (Servicio en ln̕ea) 
856 4 0 |u http://vlex.com/source/vendre-acheter-en-ligne-4815  |z Acceso restringido 
942 |c BOOK